MARC

LEADER 00000nam0a2200000 4500
001 202140
005 20231031185301.0
020 |a RU  |b 91-56728 
035 |a (RuTPU)RU\TPU\book\220292 
090 |a 202140 
100 |a 20111006d1991 m a0rusy5003 ca 
101 0 |a rus 
102 |a RU 
105 |a y z 001zy 
200 1 |a Математическое моделирование. Основные понятия  |e текст лекций  |f Л. В. Боброва, В. А. Шарый  |g Северо-Западный заочный политехнический институт (СЗПИ) 
210 |a Ленинград  |c Изд-во СЗПИ  |d 1991 
215 |a 52,[1] с.  |c ил.  |d 20 см 
320 |a Библиогр.: с. 52. (6 назв.) 
610 1 |a математическое моделирование 
610 1 |a основные понятия 
610 1 |a процессы 
610 1 |a объекты 
610 1 |a детерминированные модели 
610 1 |a случайные последовательности 
675 |a 519.876  |z rus 
700 1 |a Боброва  |b Л. В.  |g Людмила Владимировна  |4 070 
701 1 |a Шарый  |b В. А.  |g Владимир Александрович  |4 070 
712 0 2 |a Северо-Западный заочный политехнический институт (СЗПИ)  |c (Ленинград)  |2 stltpush  |3 (RuTPU)RU\TPU\col\2602 
801 0 |a RU  |b RuMRKP  |c 19950417  |g psbo 
801 1 |a RU  |b 63413507  |c 20111006 
801 2 |a RU  |b 63413507  |c 20160708  |g RCR 
942 |c BK